The doctors

Guardat en:
Dades bibliogràfiques
Autor principal: Soubiran, André
Format: Llibre
Idioma:Undetermined
Publicat: Londres, Inglaterra W.H. Allen 1954
Matèries:
Etiquetes: Afegir etiqueta
Sense etiquetes, Sigues el primer a etiquetar aquest registre!

MARC

LEADER 00000nam a2200000Ia 4500
008 170316s9999 xx 000 0 und d
040 |a cru BVZT 
090 |a 840 S-19d 
100 |a Soubiran, André 
245 4 |a The doctors 
260 |a Londres, Inglaterra 
260 |b W.H. Allen 
260 |c 1954 
300 |a 288 páginas 
650 |a LITERATURA FRANCESA 
999 |c 7989  |d 7989 
942 |c 15 D  |h 840 S-19d  |2 z